| 000 | 01118njm a22002897a 4500 | ||
|---|---|---|---|
| 005 | 20100913163334.0 | ||
| 006 | a|||||r|||||00| 0 | ||
| 007 | sd ammalaaahaa | ||
| 008 | 100910t xxu||||| |||| 00| 0 eng d | ||
| 028 |
_a3AEX.5072 _bAngel Records |
||
| 035 | _aGR-02203 | ||
| 040 |
_aSED _cSED |
||
| 100 |
_aMangeshkar, Lata _919365 |
||
| 245 |
_aArzoo/ _cby Lata Mangeshkar ; Music by Shankar Jaikrishan ; Lyrics by Hasrat Jaipuri _h[sound recording] : |
||
| 246 | _aArzoo | ||
| 260 |
_aDum Dum, India _bAngel Records _c1966 |
||
| 300 |
_a1 sound disc [Gramophone Recording] : _banalog, 33 1/3 rpm ; _c12.5 in. (LP) _fGramaphone Records |
||
| 500 | _aBrief records | ||
| 500 | _aRecord Lables : Angel Records, Brown | ||
| 505 | _aSide-1(Bedardi Balma Tujh Ko) (Lata Mangeshkar),-- Side-2 (Al Phoolon Ki Rani) (Mohd. Rafi) | ||
| 600 |
_aMangeshkar, Lata _91184 |
||
| 650 |
_2Excerpts. _aClassical Music _bIndia _919366 |
||
| 700 |
_a Jaikrishan, Shankar _919846 |
||
| 700 |
_aJaipuri, Hasrat _919847 |
||
| 942 |
_2ddc _cGR |
||
| 999 |
_c45534 _d45534 |
||